[Event "EJCOA Forest Hall IM 2nd"]
[Site "Newcastle"]
[Date "2021.12.21"]
[Round "9.5"]
[White "Czopor, Maciej"]
[Black "Han, Yichen"]
[Result "1/2-1/2"]
[WhiteElo "2422"]
[BlackElo "2322"]
[PlyCount "193"]
[EventDate "2021.12.17"]
[EventType "tourn"]
[EventRounds "9"]
[EventCountry "ENG"]
[Tiebreak "Direct encounter+Number of wins+Koya"]
[SourceTitle "BritBase"]
[Source "John Saunders"]
[SourceDate "2021.06.05"]
[SourceVersion "1"]
[SourceVersionDate "2021.06.05"]
[SourceQuality "1"]

1. d4 d5 2. Nf3 Nf6 3. Bf4 c5 4. e3 Nc6 5. Nbd2 e6 6. c3 Be7 7. Bd3 O-O 8. Ne5
Nxe5 9. dxe5 Nd7 10. Qh5 g6 11. Qh6 Re8 12. Nf3 Bf8 13. Qh3 Bg7 14. Qg3 f6 15.
h4 fxe5 16. Nxe5 Nxe5 17. Bxe5 Bxe5 18. Qxe5 Rf8 19. h5 Qf6 20. Qg3 g5 21. h6
Kh8 22. Rh5 e5 23. Rxg5 e4 24. Be2 Be6 25. O-O-O Rg8 26. Rxg8+ Rxg8 27. Qd6 Rf8
28. Rh1 d4 29. exd4 cxd4 30. Qxd4 Qxd4 31. cxd4 Rxf2 32. Kd2 Rxg2 33. Ke3 Kg8
34. Rc1 Rh2 35. Rc7 Rxh6 36. Rxb7 Bxa2 37. Rxa7 Bd5 38. Rd7 Bc6 39. Bc4+ Kf8
40. Rc7 Ba4 41. Kxe4 Rb6 42. Ke5 Rxb2 43. Be6 Bb3 44. d5 Re2+ 45. Kf6 Rf2+ 46.
Ke5 Re2+ 47. Kd6 Bxd5 48. Bxd5 Rf2 49. Rxh7 Rf6+ 50. Be6 Rf2 51. Rc7 Rf1 52.
Ke5 Ke8 53. Kd6 Kf8 54. Rc8+ Kg7 55. Rg8+ Kh6 56. Ke5 Kh5 57. Bf5 Kh4 58. Rg4+
Kh5 59. Kf6 Ra1 60. Rg3 Ra4 61. Rb3 Rc4 62. Rb8 Kh4 63. Rg8 Ra4 64. Ke5 Kh5 65.
Be4 Rb4 66. Kf4 Rb6 67. Rg1 Kh6 68. Rh1+ Kg7 69. Rh7+ Kf8 70. Ke5 Rb2 71. Bd5
Re2+ 72. Kd6 Rf2 73. Be6 Rf1 74. Rc7 Rf2 75. Ke5 Ke8 76. Rb7 Rf1 77. Bf5 Rd1
78. Kf6 Kd8 79. Be6 Rd2 80. Ke5 Ke8 81. Rc7 Rd1 82. Rc8+ Ke7 83. Rc7+ Ke8 84.
Ra7 Rd2 85. Kf6 Kd8 86. Rg7 Rd1 87. Bf5 Rd2 88. Bg4 Rd4 89. Ke5 Rd3 90. Be6 Ke8
91. Bd5 Rd1 92. Ke6 Re1+ 93. Kd6 Rf1 94. Rg2 Rf4 95. Rg1 Rf2 96. Rg4 Rf1 97.
Rg3 1/2-1/2